00294nam a2200121Ia 4500003000400000005001700004008004100021020001800062040002000080100002300100245002500123260002400148OSt20231214051552.0170524s9999 xx 000 0 und d a9788184570649 cIIMT UNIVERSITY aSABHARWAL- TARJEET 0aSATELLITE TELEVISION bNEW DELHI: KANISHKA